Land vs. Land #33 - Statistiken

Allgemein
  • Dieses Quiz wurde 28 mal gespielt
  • Das Durchschnittsergebnis liegt bei 12 aus 14
Antwortstatistiken
Frage Antwort % Korrekt
...Gesundheitswesen? Spanien🇪🇸
100%
...Lebenserwartung? Spanien🇪🇸
100%
...Gewinner? Spanien🇪🇸
100%
...Bruttoinlandsprodukt? Spanien🇪🇸
96%
...Tourismus? Spanien🇪🇸
96%
...HDI (Human Development Index)? Spanien🇪🇸
96%
...Frieden? Spanien🇪🇸
96%
...durchschnittlicher IQ? Spanien🇪🇸
96%
...Happy Planet Index? Spanien🇪🇸
92%
...Exportmengen? Spanien🇪🇸
88%
...Einwohner? Spanien🇪🇸
85%
...Bruttoinlandsprodukt pro Kopf? Spanien🇪🇸
85%
...Militär? Spanien🇪🇸
77%
...Fläche? Jemen🇾🇪
31%
Keine übereinstimmenden Quizze gefunden
Verteilung der Resultate
Anzahl Personen mit jedem Resultat
Perzentil nach korrekt beantworteten Fragen
Ihre Resultats-Entwicklung
Sie haben dieses Quiz noch nicht gespielt